| 000 | 00556nam a22002057a 4500 | ||
|---|---|---|---|
| 005 | 20140626145204.0 | ||
| 010 | _aENG-110249 | ||
| 020 |
_a9788180544019 _c350.00 |
||
| 020 |
_a8180546716 _c350.00 |
||
| 035 | _aEN-93781 | ||
| 037 | _bDBAD/PUB | ||
| 082 | _a658.4012 | ||
| 100 | _aPrasad, L.M. | ||
| 245 |
_aStrategic management / _cby L.M. Prasad |
||
| 250 | _a6th thoroughly rev. ed | ||
| 260 |
_aNew Delhi _bSultan Chand _c2014 |
||
| 270 | _a23, Daryaganj | ||
| 300 |
_axiv,442p. _c25cm(pbk) |
||
| 942 |
_2ddc _cEN _mPRA _h658.4012 |
||
| 999 |
_c85124 _d85124 |
||